000
00315nam a2200121Ia 4500
008
190216s9999||||xx |||||||||||||| ||und||
100
_a
Hardy. G.H & Wright. E.M
245
3
_a
An Introduction To The Theory Of Numbers
250
_a
5TH
260
_b
Null
_c
1988
650
_a
Mathematical Geography
942
_c
BK
999
_c
30978
_d
30978